000 00667nam a22002172 4500
001 0000018881
005 20151021151130.0
008 100811s xx 000 0 eng d
020 _a8121918014 :
040 _aKABU
_cKABU
100 1 _aKhanka, S. S.
_@0000178328
245 1 0 _aEntrepreneurial development /
_cS. S. Khanka.
250 _a1st ed.
260 _aNew Delhi :
_bS. Chand,
_c1999.
300 _axiv,405 p.
650 0 _aEntrepreneurship.
_@0000148283
852 1 _9p840 KES
852 1 _9p840 KES
908 _a100811
950 _@1
999 _c1013
_d1013